书目信息 |
| 题名: |
世界雕塑名品图鉴
|
|
| 作者: | 张荣生 主编 | |
| 分册: | ||
| 出版信息: | 哈尔滨 黑龙江美术出版社 1997.02 |
|
| 页数: | 380页 | |
| 开本: | 16开 | |
| 丛书名: | ||
| 单 册: | ||
| 中图分类: | J305 | |
| 科图分类: | 5 | |
| 主题词: | 雕塑理论 | |
| 电子资源: | ||
| ISBN: | 7-5318-0394-1 | |
| 000 | 00581nam0 2200205 45 | |
| 001 | 0011211978 | |
| 005 | 20001121195418.3 | |
| 010 | @a7-5318-0394-1@d58.00元 | |
| 100 | @a20001121d1997 km y0chiy0120 ea | |
| 101 | 0 | @achi |
| 105 | @a z 000yy | |
| 200 | 1 | @a世界雕塑名品图鉴@AShi Jie Diao Su Ming Pin Tu Jian@f张荣生主编@FZhang Rong Sheng Zhu Bian |
| 210 | @a哈尔滨@c黑龙江美术出版社@d1997.02 | |
| 215 | @a380页@d16开 | |
| 606 | 0 | @a雕塑理论 |
| 690 | @aJ305@v3 | |
| 692 | @a5 | |
| 701 | 0 | @a张荣生@4主编 |
| 801 | @aCN@bPftUser@c20001121 | |
| 905 | @b500121-125@dJ305@eZH459@f5 | |
| 世界雕塑名品图鉴/张荣生主编.-哈尔滨:黑龙江美术出版社,1997.02 |
| 380页;16开 |
| ISBN 7-5318-0394-1:58.00元 |
| ● |
| 相关链接 |
|
|
|
正题名:世界雕塑名品图鉴
索取号:J305/ZH459
 
预约/预借
| 序号 | 登录号 | 条形码 | 馆藏地/架位号 | 状态 | 备注 |
| 1 | 500121 | 205001219 | 社科库309/309社科库 81排3列2层/ [索取号:J305/ZH459] | 在馆 | |
| 2 | 500122 | 205001228 | 社科库309/309社科库 81排3列2层/ [索取号:J305/ZH459] | 在馆 | |
| 3 | 500123 | 205001237 | 社科库309/309社科库 81排4列5层/ [索取号:J305/ZH459] | 在馆 | |
| 4 | 500124 | 205001246 | 社科库309/309社科库 81排3列2层/ [索取号:J305/ZH459] | 在馆 | |
| 5 | 500125 | 205001255 | 社科库309/309社科库 81排3列2层/ [索取号:J305/ZH459] | 在馆 |